000 00300nam a22001337a 4500
008 170925b xxu||||| |||| 00| 0 eng d
020 _a9780205310401
041 _aeng
080 _a37
100 _a46
101 _aEDU
245 _aTHE LONGWOOD GUIDE TO WRITING
_cLUNSFORD,R.F
942 _2udc
_cBK
999 _c29551
_d29551